|
|
|
|
| LEADER |
00000ntm a22000007u 4500 |
| 001 |
zp19345 |
| 041 |
|
|
|a cze
|
| 100 |
1 |
|
|a Kovářová, Lenka
|4 dis
|
| 245 |
1 |
0 |
|a Problematika institucionální péče o děti do tří let věku
|
| 246 |
|
|
|a Problems institutional care for children to three years
|
| 260 |
|
|
|c 2011
|
| 300 |
|
|
|a 68 s.
|
| 500 |
|
|
|a Studijní obor: Sociální pedagogika
|
| 500 |
|
|
|a Studijní obor: Social pedagogy
|
| 500 |
|
|
|a Ústav: Ústav pedagogických věd
|
| 500 |
|
|
|a Univerzita Tomáše Bati ve Zlíně. Fakulta humanitních studií
|
| 500 |
|
|
|a Tomas Bata University in Zlín. Faculty of Humanities
|
| 506 |
|
|
|a Bez omezení
|
| 653 |
|
|
|a dítě
|
| 653 |
|
|
|a rodina
|
| 653 |
|
|
|a socializace
|
| 653 |
|
|
|a institucionální péče
|
| 653 |
|
|
|a současná rodina
|
| 653 |
|
|
|a sociální politika
|
| 653 |
|
|
|a legislativa
|
| 653 |
|
|
|a městské jesle
|
| 653 |
|
|
|a firemní školky
|
| 653 |
|
|
|a soukromá péče
|
| 653 |
|
|
|a výzkumné šetření
|
| 653 |
|
|
|a child
|
| 653 |
|
|
|a family
|
| 653 |
|
|
|a socialization
|
| 653 |
|
|
|a institutional care
|
| 653 |
|
|
|a current family
|
| 653 |
|
|
|a social politics
|
| 653 |
|
|
|a legislation
|
| 653 |
|
|
|a city nursery
|
| 653 |
|
|
|a company kindergarten
|
| 653 |
|
|
|a privat care
|
| 653 |
|
|
|a research examination
|
| 655 |
|
4 |
|a diplomová práce
|
| 700 |
1 |
|
|a Chudý, Štefan
|4 ths
|
| 710 |
2 |
|
|a Univerzita Tomáše Bati ve Zlíně. Fakulta humanitních studií
|4 dgg
|
| 710 |
2 |
|
|a Tomas Bata University in Zlín. Faculty of Humanities
|4 dgg
|
| 856 |
4 |
0 |
|u http://hdl.handle.net/10563/15162
|y Plný text v Digitální knihovně UTB
|